00398nam a2200133Ia 4500008004100000020001800041041001200059082001600071100006100087245005400148250001200202260003800214300001200252231217s9999 xx 000 0 und d a81-203-0567-1 aEnglish a658.8 STI aStill, Richard R. Cundiff, Edward W. Govoni, Norman A P. 0aSales management: Decisions, strategies and cases a5th ed. c1998bNew Delhi : PHI,aNew Delhi axvi+608